000 00791cam a2200229 4500
001 WB3733-11
008 010906n2001 000 0 eng u
035 _a(Sirsi) u114472
245 _aCPD online record keeping
260 _c2001
490 _aAssessor News
_v(5) August 2001, 2(1)
520 _aOutlines the benefits of the RICS service for members to record their CPD activities online. Suggestions or comments about the new service can be sent to Margaret Harris or Brenda Pattinson at http://www.ricsonline.org/membership_services/education_training/cpd/cpd_records.htm
590 _aWB
650 _aCPD
650 _aONLINE SERVICES
650 _aRICS
650 _aAPC
_96216
650 _aASSESSMENTS
650 _aGUIDANCE
690 _aEDUCATION-APC
942 _n0
999 _c68191
_d68191